Loading...
Literature - World Literature | 0 | 11 | 0 | 2 | 110 | 47 | 103.00 | 1 | 3 |
Literature - American Literature | 0 | 10 | 0 | 1 | 100 | 56 | 110.10 | 1 | 3 |
Literature - British Literature | 0 | 9 | 2 | 2 | 80 | 99 | 121.33 | 1 | 2 |
Literature - European Literature | 0 | 9 | 2 | 1 | 80 | 47 | 106.89 | 1 | 2 |
Philosophy | 0 | 7 | 0 | 1 | 70 | 78 | 99.86 | 0 | 2 |
Other Academic | 0 | 5 | 0 | 0 | 50 | 53 | 101.20 | 1 | 2 |
Mythology | 0 | 4 | 0 | 1 | 40 | 79 | 116.50 | 0 | 0 |
Social Science | 0 | 4 | 2 | 2 | 30 | 92 | 111.50 | 1 | 1 |
Religion | 0 | 3 | 1 | 0 | 25 | 85 | 103.00 | 1 | 1 |
Painting & Sculpture | 0 | 2 | 0 | 0 | 20 | 87 | 96.00 | 0 | 0 |
Any History | 0 | 2 | 0 | 0 | 20 | 82 | 93.50 | 0 | 0 |
Current Events | 0 | 1 | 0 | 0 | 10 | 43 | 43.00 | 0 | 1 |
History - European History | 0 | 1 | 0 | 1 | 10 | 134 | 134.00 | 0 | 0 |
Fine Arts - Other Fine Arts | 0 | 1 | 1 | 0 | 5 | 40 | 40.00 | 1 | 1 |
Science - Physics | 0 | 0 | 1 | 0 | -5 | 0.00 | 0 | 0 | |
History - American History | 0 | 0 | 1 | 0 | -5 | 0.00 | 0 | 0 |